000 00795nam a2200229 a 4500
001 83173
003 BD-RjUL
005 20240228112141.0
008 240228s1967 ii 000 0 ara d
035 _a(BD-RjUL)83173
040 _aHAI
_beng
_cBD-RjUL
041 0 _aara
082 _223
_a016.091297
_bASF 1965
110 2 _aخدا بخش أوريينتال پابليك لايبريري
_9506
245 1 0 _aفهرست كتب /List of Book /
_cقاضي محمد اسراف ;; Qazi muhammad Ashraf
246 3 3 _aمفتاح الكنوز الخفية
260 _aپنطه :
_bAdarah tahqiqat i Islami,
_c1967
300 _a٣ م. ؛
_c٣٤ س.
650 4 _aManuscripts, Arabic
_zIndia
_zPatna
_vCatalogs
_9507
650 4 _aManuscripts, Persian
_zIndia
_zPatna
_vCatalogs
_9508
942 _2ddc
_cBK
999 _c83173
_d83173